00723pam a2200229 a 4500008004100000020002200041245006700063250001200130260006200142300006000204504003900264500002000303650002400323650002300347700002200370700003100392700002000423700002300443003000100466005001700467040000900484  a0805396144 (pbk.)00aMolecular biology of the gene /cJames D. Watson ... [et al.]. a4th ed. aMenlo Park, Calif. :bBenjamin/Cummings Pub. Co.,cc1987. axxx, 1163 p. (various p.) :bill. (some col.) ;c29 cm. aIncludes bibliographies reference. aIncludes index. 0aMolecular genetics. 0aMolecular biology. aHokpins, Nancy H. aSteitz, Joan, Argetsingeer aWeiner, Alan M. aRoberts, Jeffry W.20230120144458.0 cNUST